Films d'animation Disney / Pixar / Dreamworks en emojis - Statistiques

Statistiques générales
  • Ce quiz a été pris 6 697 fois
    1 797 depuis la dernière actualisation
  • Le résultat moyen est 33 sur 45
Statistiques - réponses
emojis film % Correct
🦁🦁🦁🦁🦜🐗🦦🏜️ le roi lion
99%
👸🤴👠🪄🕛 cendrillon
98%
👸🍎🧍‍♂️🧍‍♂️🧍‍♂️🧍‍♂️🧍‍♂️🧍‍♂️🧍‍♂️ blanche-neige et les sept nains
97%
👩🏻‍🦳👩🏻‍🦰❄️⛄️ la reine des neiges
97%
👶👧🧒👦🧚‍♀️🏴‍☠️ peter pan
94%
😺😺😺😺😺🎶🎹 les aristochats
93%
👴🧒🪁🏠🎈 là-haut
92%
🐀👨🏻‍🍳 ratatouille
92%
🐼🥋 kung fu panda
90%
👸🏿🐸 la princesse et la grenouille
90%
😀🟨😥🟦🤢🟩😱🟪😡🟥 vice versa
90%
🐰👮🏻🦊🏙️ zootopie
90%
🏎️👀👄🏁 cars
88%
🐘🎪 dumbo
88%
🧜‍♀️👩🏻‍🦰📣❌ la petite sirène
88%
🐶⚫⚪1️⃣0️⃣1️⃣ les 101 dalmatiens
88%
🐠🐠🌊🎣🔍 le monde de nemo
87%
👸🏽🏝️⛵🌊 vaiana, la légende du bout du monde
87%
🐶🍝❤️ la belle et le clochard
86%
👩🏻‍🦰➰🟠👑🏹 rebelle
85%
👩👗🟡🥀🏰🌹 la belle et la bête
84%
🦁🦓🐧🦒✈️🌴 madagascar
84%
🧸🎲🤠 toy story
83%
🎸🎶🇲🇽💀🎉 coco
81%
⚡🏛️💪👑 hercule
80%
🦸‍♂️🦸‍♀️👶🔥💪 les indestructibles
78%
🇨🇳👲🏻⚔️🐉 mulan
76%
🐌💨🏁🚗 turbo
76%
👸👳‍♀️🎶🔵 aladdin
74%
🤖🌍🚀🌱 wall-e
69%
🦊💰💰 robin des bois
68%
🏝️👧👽🐾 lilo et stitch
62%
🎷🌌👨‍🏫💭🎶 soul
61%
🦕🌾🌿👦 le voyage d'arlo
59%
🔥💧🌪️🌍🤝 élémentaire
56%
🤴🙂↔️↕️🦙 kuzco, l'empereur mégalo
55%
👑👱🏻‍♀️🎐🎆 raiponce
50%
😱🚪👦🎈 monstres et cie
49%
👹💚🌳🏰🐴🧅 shrek
48%
🐉👦🏹🔥 dragons
42%
👃🏻➡️➡️➡️➡️ pinocchio
41%
🧜🌊🚲🍦🏖️ luca
33%
🌿🌬️🏹🌊🦅 pocahontas
25%
🏠🌺✨👩‍👧‍👦 encanto
21%
⛪🧑🏻‍🦰🤕🤹‍♀️ le bossu de notre-dame
13%
Aucun quiz correspondant
Distribution des résultats
% des personnes avec chaque résultat
Percentile par nombre de réponses
Votre historique - résultats
Vous n’avez pas pris ce quiz depuis la dernière actualisation